00976nam a22002057a 4500003000800000005001700008008004100025040002100066082001800087100002200105245014900127260004200276300006300318504008100381505009700462650001000559942001300569999001900582952016900601BD-DhUL20240312113344.0240312s2022 bg ab||| mb|| 000 0 eng d aBD-DhULcBD-DhUL a363.3493bMAI1 aMasrur, Md. Waqil0 aImpacts of flood on livelihood and food security of rural communities : ba study on Ulipur upazila, Kurigram : [MS Thesis] / cMd. Waqil Masrur aDhaka : bUniversity of Dhaka,c2022. axvii, 101 p. : bill. (chiefly col.), col. maps ; c29 cm. aGlossary: p. xvii Bibliography: p. 82-86 Includes bibliographical references aThesis (MS)--Department of Geography and Environment, University of Dhaka, Session: 2019-20  4aFlood 2ddccREF c259120d259120 00102ddc406363_349300000000000_MAI718REF9398631aDUSLbDUSLcREFd2024-03-12eGifto363.3493 MAIp522065r2024-03-12w2024-03-12yREFzGeography & Environment